Устройства USB; Схемотехника; № 6

Bibliografiske detaljer
Parent link:Схемотехника: научно-технический журнал.— , 2002-2007
№ 6.— 2003.— С. 36-37
Hovedforfatter: Вальпа О.
Sprog:russisk
Udgivet: 2003
Serier:Цифровая техника
Fag:
Format: MixedMaterials Book Chapter
KOHA link:https://koha.lib.tpu.ru/cgi-bin/koha/opac-detail.pl?biblionumber=388894

MARC

LEADER 00000naa2a2200000 4500
001 388894
005 20231101063811.0
035 |a (RuTPU)RU\TPU\prd\20497 
090 |a 388894 
100 |a 20031215a2003 k y0rusy50 ca 
101 0 |a rus 
102 |a RU 
200 1 |a Устройства USB  |f О. Вальпа 
225 1 |a Цифровая техника 
320 |a Библиогр.: 1 назв. 
461 1 |0 (RuTPU)RU\TPU\prd\2494  |t Схемотехника  |o научно-технический журнал  |d 2002-2007 
463 1 |0 (RuTPU)RU\TPU\prd\18871  |t № 6  |v С. 36-37  |d 2003 
610 1 |a интерфейсы 
610 1 |a USB интерфейс 
610 1 |a электронные компоненты 
610 1 |a микросхемы 
700 1 |a Вальпа  |b О. 
801 1 |a RU  |b 63413507  |c 20031215  |g PSBO 
801 2 |a RU  |b 63413507  |c 20131218  |g RCR 
942 |c BK